Loading...
| Beliefs | 0 | 4 | 0 | 2 | 40 | 75 | 117.00 | 4 | 4 |
| Geography | 0 | 3 | 0 | 2 | 30 | 113 | 121.67 | 3 | 3 |
| Science - Biology | 2 | 0 | 0 | 0 | 30 | 39 | 48.00 | 2 | 2 |
| 0 | 3 | 1 | 1 | 25 | 96 | 115.00 | 3 | 3 | |
| Social Science | 0 | 2 | 0 | 1 | 20 | 89 | 104.50 | 2 | 2 |
| History - European History | 0 | 1 | 0 | 0 | 10 | 80 | 80.00 | 1 | 1 |
| Literature - American Literature | 0 | 1 | 0 | 0 | 10 | 72 | 72.00 | 1 | 1 |
| Fine Arts - Visual Fine Arts | 0 | 1 | 0 | 1 | 10 | 119 | 119.00 | 1 | 1 |
| Literature - European Literature | 1 | 0 | 1 | 0 | 10 | 31 | 31.00 | 1 | 1 |
| Other Science: Earth Science | 0 | 1 | 0 | 0 | 10 | 128 | 128.00 | 1 | 1 |
| Fine Arts - Auditory Fine Arts | 0 | 1 | 0 | 0 | 10 | 103 | 103.00 | 1 | 1 |
| Science - Chemistry | 0 | 1 | 0 | 0 | 10 | 62 | 62.00 | 1 | 1 |
| Literature - British Literature | 0 | 1 | 1 | 1 | 5 | 145 | 145.00 | 1 | 1 |
| Philosophy | 0 | 1 | 1 | 1 | 5 | 118 | 118.00 | 1 | 1 |
| Religion | 0 | 0 | 1 | 0 | -5 | 0.00 | 0 | 0 | |
| History - World History | 0 | 0 | 1 | 0 | -5 | 0.00 | 0 | 0 | |
| Current Events | 0 | 0 | 1 | 0 | -5 | 0.00 | 0 | 0 |